000 00266nam a2200097Ia 4500
008 200302s9999 xx 000 0 und d
100 _aArian Mostaedi
245 _aSustainable Arechitecture Low Tech Houses
260 _bCarles Broto & Josep M Minguet
300 _a178 P.,
999 _c5900
_d5900